D'où viennent ces paroles ? - Chansons francophones des années 80 - Statistiques

Statistiques générales
  • Ce quiz a été pris 216 fois
  • Le résultat moyen est 13 sur 26
Statistiques - réponses
Hint Explanation Réponse % Correct
Tellement si belle quand elle sort, tellement si belle, je l’aime tellement si fort... Marc Lavoine (1985) Elle a les yeux revolver
84%
J'ai du soleil sur la peau, j'ai dans le coeur un bongo... Gilbert Montagné (1985) Les sunlights des tropiques
81%
J'y crois comme à ta peau, à tes bras qui me serrent... Johnny Hallyday (1985) Je te promets
78%
Fallait pas m'quitter, tu vois, il est beau le résultat... Sabine Paturel (1985) Les bêtises
75%
J’veux un disque de Funky Music, faut que ça danse… Images (1987) Les démons de minuit
72%
Sur les dunes du Sahara, des Îles Fidji au Fujiyama… Desireless (1989) Voyage voyage
68%
Moi je veux mourir fusillée de lasers... Dalida (1983) Mourir sur scène
66%
Perdue dans sa mégalo, moi j'étais de trop... Eddy Mitchell (1980) Couleur menthe à l'eau
62%
Aimez moi, à genoux, j'en suis fou... Jean Schultheis (1981) Confidence pour confidence
61%
Je suis femme et quand on est femme, on ne dit pas ces choses-là... Diane Tell (1980) Si j'étais un homme
61%
J’ai plus qu’un clou, une étincelle, des trucs en plomb qui me brisent les ailes… Jean-Jacques Goldman (1982) Quand la musique est bonne
59%
Notre histoire d’amour ressemble à la dolce vita… Frédéric François (1985) Je t’aime à l’italienne
57%
Je perds la tête et mes cigarettes sont toutes fumées dans le cendrier… Chagrin d’Amour (1981) Chacun fait (c’qui lui plaît)
51%
Premier matin caresse, matin tendresse, tu es si belle… Peter & Sloane (1985) Besoin de rien, envie de toi
50%
Et moi je suis prêt à tout les sillages, vers d’autres lieux, d’autres rivages… Pierre Bachelet (1980) Elle est d’ailleurs
47%
J’irais danser le mambo, au Royal Casino sous les lambris rococo… Niagara (1986) L'amour à la plage
43%
Si t'es Doudou bien balancée, où Play-boy super sapé... La Compagnie créole (1983) C'est bon pour le moral
39%
Je m'enivre surtout pour mieux noyer ma peine et conjurer la haine dont nous sommes la proie… Charles Aznavour (1987) Je bois
34%
T’es le feu qui brûle, et j'dors dans ton corps, pour me réchauffer en toi... Jean-Luc Lahaye (1982) Femme que j'aime
30%
À bout de souffle comme une sirène, elle voit son corps qui se réveille... Indochine (1985) Trois nuits par semaine
30%
J’ai construit tant de châteaux, qui se réduisaient en sable… Jeanne Mas (1986) En rouge et noir
28%
Tu m'enlaçais dans les ruines du Vieux Rome... Stéphanie (1986) Ouragan
27%
Même Germaine va planter sa p'tite graine... Léopold Nord & Vous (1987) C'est l'amour
25%
C'est comme les bonbons menthe, ça fait du bien quand il pleut... Patricia Kaas (1988) Mon mec à moi
23%
Dangereuse et sensuelle, sous ta pluie sucrée... Rose Laurens (1982) Africa
21%
Tu attends le soleil impatiemment, éperdument, passionnément... Guy Marchand, Vladimir Cosma (1982) Destinée
21%
Aucun quiz correspondant
Distribution des résultats
% des personnes avec chaque résultat
Percentile par nombre de réponses
Votre historique - résultats
Vous n’avez pas pris ce quiz